Process systems analysis and control (Record no. 13575)

000 -LEADER
fixed length control field 00578nam a22002051 4500
001 - CONTROL NUMBER
control field 13575
003 - CONTROL NUMBER IDENTIFIER
control field BD-DhUET
008 - FIXED-LENGTH DATA ELEMENTS--GENERAL INFORMATION
fixed length control field 730306s1965 nyua b 000 0 eng
040 ## - CATALOGING SOURCE
Original cataloging agency DLC
Transcribing agency DLC
Modifying agency BD-DhUET
082 ## - DEWEY DECIMAL CLASSIFICATION NUMBER
Classification number 660.284
Item number COU/1965
100 1# - MAIN ENTRY--PERSONAL NAME
Personal name Coughanowr, Donald R.
245 10 - TITLE STATEMENT
Title Process systems analysis and control
250 ## - EDITION STATEMENT
Edition statement 1st ed.
260 ## - PUBLICATION, DISTRIBUTION, ETC. (IMPRINT)
Place of publication, distribution, etc. New York
Name of publisher, distributor, etc. McGraw-Hill
Date of publication, distribution, etc. 1965
300 ## - PHYSICAL DESCRIPTION
Extent xii, 491 p.
Other physical details ill.
Dimensions 21 cm.
490 ## - SERIES STATEMENT
Series statement McGraw-Hill chemical engineering series
650 #0 - SUBJECT ADDED ENTRY--TOPICAL TERM
Topical term or geographic name as entry element Control devices process engineering
700 ## - ADDED ENTRY--PERSONAL NAME
Personal name Koppel, Lowell B.
942 ## - ADDED ENTRY ELEMENTS (KOHA)
Koha item type General Book
Holdings
Sublocation or collection (holding branch) Piece designation (barcode) Price effective from Koha issues (times borrowed) Source of classification or shelving scheme Damaged status Koha date last seen Date acquired Koha item type Koha date last borrowed Withdrawn status Koha full call number Lost status Not for loan Shelving location Copy number Location (home branch) Koha normalized classification for sorting
Central Library, BUET296992015-03-03   2015-03-032015-03-03General Book  660.284/COU/1965  Circulation section1Central Library, BUET660_284000000000000_COU_1965
Central Library, BUET296892015-03-031  2017-05-092015-03-03General Book2017-05-09 660.284/COU/1965  Circulation section2Central Library, BUET660_284000000000000_COU_1965
Central Library, BUET296972015-03-03   2015-03-032015-03-03General Book  660.284/COU/1965  Circulation section3Central Library, BUET660_284000000000000_COU_1965
Central Library, BUET296922015-03-03   2015-03-032015-03-03General Book  660.284/COU/1965  Circulation section4Central Library, BUET660_284000000000000_COU_1965
Central Library, BUET296982015-03-03   2015-03-032015-03-03General Book  660.284/COU/1965  Circulation section5Central Library, BUET660_284000000000000_COU_1965
Central Library, BUET296902015-03-03   2015-03-032015-03-03General Book  660.284/COU/1965  Circulation section6Central Library, BUET660_284000000000000_COU_1965
Central Library, BUET296882015-03-03   2015-03-032015-03-03General Book  660.284/COU/1965  Cataloging to Circulation7Central Library, BUET660_284000000000000_COU_1965
Central Library, BUET345192015-03-04   2015-03-042015-03-04General Book  660.284/COU/1965  Circulation section8Central Library, BUET660_284000000000000_COU_1965
Central Library, BUET296942015-05-11   2015-05-112015-05-11General Book  660.284/COU/1965  Circulation section9Central Library, BUET660_284000000000000_COU_1965
Central Library, BUET296962015-05-11   2015-05-112015-05-11General Book  660.284/COU/1965  Circulation section10Central Library, BUET660_284000000000000_COU_1965
Central Library, BUET296952015-05-13   2015-05-132015-05-13General Book  660.284/COU/1965  Circulation section11Central Library, BUET660_284000000000000_COU_1965
Central Library, BUET178692015-05-14   2015-05-142015-05-14General Book  660.284/COU/1965  Circulation section12Central Library, BUET660_284000000000000_COU_1965
Central Library, BUET158222015-05-18   2015-05-182015-05-18General Book  660.284/COU/1965  Circulation section13Central Library, BUET660_284000000000000_COU_1965
Central Library, BUET297002015-06-20   2015-06-202015-06-20General Book  660.284/COU/1965  Reading section14Central Library, BUET660_284000000000000_COU_1965
Central Library, BUET297012015-06-20   2015-06-202015-06-20General Book  660.284/COU/1965  Reading section15Central Library, BUET660_284000000000000_COU_1965
Central Library, BUET167162015-07-10   2015-07-102015-07-10General Book  660.284/COU/1965  Circulation section16Central Library, BUET660_284000000000000_COU_1965